| 000 | 00609nam a2200193 4500 | ||
|---|---|---|---|
| 001 | 131120 | ||
| 003 | ES-MaACL | ||
| 007 | t| | ||
| 008 | 070214s1985 sp r ||||1| spa d | ||
| 100 | 1 |
_aRobertson, Martin. _997858 |
|
| 245 | 1 | 3 |
_aEl arte griego _b: introducción a su historia / _cMartin Robertson ; versión española de María Castro. |
| 260 |
_aMadrid : _bAlianza, _c1985. |
||
| 300 |
_a434 p. : _bil. ; _c23 cm. |
||
| 490 | 1 |
_aAlianza forma ; _v50 |
|
| 700 | 1 |
_aCastro, María. _936880 |
|
| 830 | 0 | 0 |
_aAlianza forma _v50 _9177869 |
| 852 |
_aES-MaACL _jL-9481 _bR.111340 |
||
| 999 |
_c131120 _d131120 |
||